| 000 | 00447nam a22001697a 4500 | ||
|---|---|---|---|
| 003 | NUST - PNEC | ||
| 005 | 20170116181053.0 | ||
| 008 | 150930b xxu||||| |||| 00| 0 eng d | ||
| 040 | _cLIBRARY | ||
| 082 | _a510.782 JOH | ||
| 100 |
_910027 _aJohnson, Clarence L. |
||
| 245 |
_aAnalog computer techniques _cClarence L. Johnson |
||
| 250 | _a2nd ed. | ||
| 260 | _cc1963 | ||
| 650 |
_99244 _aElectronic analog computers _xEL, EE |
||
| 942 |
_2ddc _cBK |
||
| 999 |
_c68467 _d68467 |
||